100 Biggest Non-Capital Cities in Europe on a Map - Statistics

General Stats
  • This quiz has been taken 4,011 times
    3,956 since last reset
  • The average score is 60 of 100
Answers on the Map
Answers color-coded by a green-red scale on the quiz's map according to % correct below.
 
Answer Stats
Population City % Correct
1,664,182 Barcelona
98%
1,397,715 Milan
97%
5,384,342 Saint Petersburg
97%
15,113,808 İstanbul
96%
563,561 Manchester
96%
1,484,226 Munich
96%
940,940 Naples
96%
1,847,253 Hamburg
95%
629,920 Glasgow
94%
586,889 Liverpool
94%
1,160,254 Birmingham
93%
868,277 Marseille
93%
504,020 Edinburgh
92%
518,635 Lyon
92%
829,875 Rotterdam
92%
763,380 Frankfurt am Main
90%
1,664,182 Valencia
90%
691,395 Seville
89%
848,196 Turin
89%
1,087,863 Cologne
88%
779,115 Kraków
88%
421,712 Zürich
88%
511,164 Leeds
87%
640,720 Palermo
87%
529,247 Antwerp
85%
803,835 The Hague
85%
470,907 Gdańsk
84%
655,078 Gothenburg
82%
558,930 Genoa
81%
1,017,699 Odessa
81%
621,877 Dusseldorf
80%
635,911 Stuttgart
79%
577,246 Bristol
78%
556,780 Dresden
78%
486,828 Toulouse
77%
578,460 Málaga
76%
493,256 Kaliningrad
74%
422,587 Palma de Mallorca
74%
593,145 Leipzig
73%
552,143 Sheffield
73%
394,463 Bologna
72%
518,370 Nuremberg
72%
567,559 Bremen
71%
908,456 Donetsk
71%
681,877 Zaragoza
71%
588,250 Dortmund
69%
724,314 Lviv
69%
582,760 Essen
68%
536,925 Hanover
68%
1,443,207 Kharkiv
68%
382,405 Brno
65%
382,520 Utrecht
65%
679,941 Łódź
64%
432,322 Sochi
64%
1,004,763 Volgograd
64%
1,244,254 Nizhny Novgorod
62%
1,137,704 Rostov-on-Don
62%
403,893 Sevastopol
62%
472,558 Leicester
61%
642,869 Wrocław
59%
1,257,341 Kazan
57%
990,724 Dnipro
56%
459,403 Murcia
54%
534,813 Poznań
52%
1,125,933 Ufa
51%
1,049,199 Perm
48%
1,144,759 Samara
48%
948,827 Krasnodar
46%
401,907 Szczecin
44%
401,297 Luhansk
43%
498,686 Duisburg
41%
436,569 Mariupol
40%
1,050,602 Voronezh
38%
507,795 Gomel
36%
830,155 Saratov
32%
524,371 Astrakhan
30%
731,922 Zaporizhia
30%
450,977 Kursk
28%
601,403 Yaroslavl
25%
391,702 Belgorod
24%
572,819 Orenburg
24%
693,072 Tolyatti
24%
467,955 Tula
24%
619,278 Kryvyi Rih
23%
604,266 Makhachkala
22%
480,080 Mykolaiv
22%
399,579 Bryansk
21%
534,801 Ryazan
21%
424,969 Tver
21%
625,462 Ulyanovsk
20%
454,488 Stavropol
18%
646,468 Izhevsk
17%
503,216 Lipetsk
17%
401,505 Ivanovo
16%
521,091 Kirov
16%
516,450 Penza
16%
413,251 Magnitogorsk
14%
495,810 Cheboksary
11%
532,074 Naberezhnye Chelny
11%
507,307 Balashikha
6%
No matching quizzes found
Score Distribution
Percent of People with Each Score
Percentile by Number Answered
Your Score History
You have not taken this quiz since the last reset